Annus Caelestis Jesu Regi, Et Mariae Reginae Sanctorum Omnium Sacer

Bibliographic Details
Main Author: Nádaši, Ján, 1613-1679 (Author)
Format: Book
Language:Latin
PhysicalDescription:12 nečíslovaných strán, 443 strán 13 cm
Published: Tyrnaviae Typis Academicis Anno M.DC.LXXXVIII. (1688)
Edition:Editio V.
Subjects:

MARC

LEADER 00000cam a2200000 4500
001 vtls001151772
003 SK-MaSNL
005 20260302024634.0
008 240226s1688 xo a f 0 0 lat
015 |a SNBHFA 
035 |a urn:nbn:sk:snk-am00fisf 
035 |a urn:nbn:sk:snk-am3itn6 
035 |a E291F699-5985-4580-B032-8BF5D584EB96 
040 |a SNK  |b slo  |c SNK  |e rda 
041 0 |a lat 
044 |a xo  |c SK 
072 7 |a 2  |x Náboženstvo  |2 konspekt 
080 |a 21/29-1/-9  |2 2011 
100 1 |a Nádaši, Ján,  |d 1613-1679  |4 aut  |9 256865 
245 1 0 |a Annus Caelestis Jesu Regi, Et Mariae Reginae Sanctorum Omnium Sacer  |c Authore, R. P. Joanne Nadasi, é Societate Jesu ; Sumptibus, Eminentissimi Principis Cardinalis Leopoldi A' Kolonicz 
250 |a Editio V. 
260 |a Tyrnaviae  |b Typis Academicis  |c Anno M.DC.LXXXVIII. (1688) 
300 |a 12 nečíslovaných strán, 443 strán  |c 13 cm 
336 |a text  |b txt  |2 rdacontent 
337 |a bez média  |b n  |2 rdamedia 
338 |a zväzok  |b nc  |2 rdacarrier 
500 |a Vineta, ozdobné linky, ozdobné iniciály, typografické ozdoby, zložky, kustody 
610 2 7 |a Rímskokatolícka cirkev  |2 SNKKA  |9 32394 
650 0 7 |a biografie svätých  |2 SNKPH  |9 75795 
655 7 |a rozjímania  |2 SNKPH  |9 286702 
700 1 |a Kolonič, Leopold,  |d 1631-1707  |4 pbl  |9 197013 
752 |a Slovensko  |d Trnava 
958 |a ONDV 
958 |a DC 
999 |c 1041187  |d 1043117 
952 |a SNK  |b SNK  |y PREZ  |7 0  |p 17A0733958  |o snkSE 2028/3  |i snkKSK 321/58  |8 3  |0 0  |1 0  |4 0  |d 2020-09-16  |f 1  |l 0  |r 2026-02-24 14:23:50  |w 2026-02-24